TOEFL iBT e Basic reading /

Guardado en:
Detalles Bibliográficos
Formato: Libro
Lenguaje:English
Publicado: HCM, tổng hợp TPHCM 2008.
Materias:
Etiquetas: Agregar Etiqueta
Sin Etiquetas, Sea el primero en etiquetar este registro!
Thư viện lưu trữ: Mạng thư viện Đại học Đà Nẵng
LEADER 00948nam a22002771a 4500
001 000035209
003 11484
005 20210327162914.0
008 151106s2008 vm 000 eng
041 |a eng 
082 |a 420.8  |b TO-I 
245 0 |a TOEFL iBT e Basic reading /  |c Lê Huy Lâm chú giải. 
260 |b tổng hợp TPHCM  |a HCM,  |c 2008. 
300 |a 185tr. ; :  |b mh. ;  |c 24,5cm. 
650 |a TOEFL iBT e Basic reading 
653 |a TOEFL iBT  |a Basic reading  |a reading 
OWN |a LNN 
902 |a TKA 
AVA |a UDN50  |b LNN  |c English  |d 420.8 LE-L  |e available  |t Error 5001 Not defined in file expand_doc_bib_avail.  |f 8  |g 0  |h N  |i 0  |j AN 
999 |a From the UDN01 
AVA |a UDN50  |b LNN  |c English  |d 420.8 LE-L  |e available  |t Error 5001 Not defined in file expand_doc_bib_avail.  |f 8  |g 0  |h N  |i 0  |j AN 
TYP |a Monograph 
TYP |a Printed language 
980 |a Mạng thư viện Đại học Đà Nẵng